000 01375nam a22003377a 4500
003 CHAP
005 20220329143453.0
008 091125s2007 mx a r 00010 spa d
010 _a97139
011 _a98111
020 _a9789708260084
035 _a108792
040 _cCHAP
082 0 4 _a972.52
_bJ29
100 0 0 _aJarquín Ortega, María Teresa.
_961188
245 1 4 _aUna batalla epistolar del siglo XVlll :
_bel peregrinar de San Juan Bautista en Metepec
_c/por María Teresa Jarquín Ortega
260 _aToluca, Méx. :
_bGobierno del Estado de México,
_c2007
300 _a170 p. :
_bilus.
490 0 _aBiblioteca Mexiquense del Bicentenario.
_pColección Mayor.
_pEstado de México: patrimonio de un pueblo
590 _aBATCH-UPD
_b10
_c20130110
_lUCH01
_h1938
590 _aBATCH-UPD
_b10
_c20130410
_lUCH01
_h1301
590 _aBATCH-UPD
_b10
_c20130914
_lUCH01
_h1703
590 _aCONVERSION
_b10
_c20130109
_lUCH01
_h1354
650 1 4 _aMéxico (Edo.)
_xHistoria.
_976831
650 1 4 _aMéxico
_xHistoria
_xColonia.
_976754
830 0 _aBiblioteca Mexiquense del Bicentenario.
_pColección Mayor.
_pEstado de México: patrimonio de un pueblo
_912425
901 _aBK
942 _cLIBRO
949 _a972.52 J29
_bBC
_cLIBRO
_d33724002104231
_eLIBRO
_fc.2
_gI.c/e
_h111451
_i108792
_sb
949 _a972.52 J29
_bBC
_cLIBRO
_d33724002104389
_eLIBRO
_gI.c/e
_h111449
_i108792
_sb
999 _c97139
_d97139